000 00200 a2200097 4500
001 16803
100 _aKing, Stephen
245 _aSalem's lot
260 _a
_bDoubleday & co
_c
090 _c12668
_d12668
942 _aNUST-CAE
_cM
_c2967
999 _c251876
_d251876